Filetes de lenguado /

Destacado naturalista y zoólogo inglés, prolífico escritor de libros sobre sus viajes a diversas partes de mundo para coleccionar especímenes, Durrell también cultiva el relato corto, donde relata episodios de su vida con singular humor.

Tallennettuna:
Bibliografiset tiedot
Päätekijä: Durrell, Gerald (autor)
Aineistotyyppi: Kirja
Kieli:espanja
Julkaistu: Barcelona, España : Alianza, 1994, c1994
Sarja:(El Libro de Bolsillo ; 1697)
Aiheet:
Tagit: Lisää tagi
Ei tageja, Lisää ensimmäinen tagi!

MARC

LEADER 00000nam^a2200000^a^4500
001 000115454
005 20250521000000.0
009 20260310094053.711
020 |a 84-206-0697-9 
037 |a Acervo ITESO - Biblioteca 
041 |a ESP 
082 |a 823.  |b DUR 
100 |a Durrell, Gerald  |e (autor) 
245 1 0 |a Filetes de lenguado /  |c G. Durrell ; tr. por Marta Sánchez Martín. 
264 4 |a Barcelona, España :  |b Alianza,  |c 1994, c1994 
300 |a 217 p. 
336 |a texto  |b txt  |2 rdacontenido 
337 |a sin mediación  |b n  |2 rdamedio 
338 |a volumen  |b nc  |2 rdasoporte 
440 3 |a (El Libro de Bolsillo ;  |v 1697) 
500 |a Traducción de: Fillets of plaice 
520 |a Destacado naturalista y zoólogo inglés, prolífico escritor de libros sobre sus viajes a diversas partes de mundo para coleccionar especímenes, Durrell también cultiva el relato corto, donde relata episodios de su vida con singular humor. 
649 |a XX 
650 |a Cuentos Ingleses 
650 |a Literatura Inglesa -  |y Siglo XX 
650 |a Humor 
650 |a Animales (En Religión, Folklore, etc.) 
910 |a Fondo General 
920 |a Impresos - Libros 
930 |a Colección General 
940 |a Literatura 
905 |a 101 
901 |a 0500051732  |b IT1  |c LIT  |u 20250521 
902 |a https://opac.biblio.iteso.mx/vufind/Record/000115454